000 00499cam a2200181 4500
008
049 _aMAIN
090 _aPS3545.H16
_bWHA
100 1 _aWharton, Edith.
245 1 4 _aThe age of innocence /
_cEdith Wharton.
260 _aNew York :
_bQuality Paperback Book Club,
_c1993.
300 _a353 p. ;
_c24 cm.
907 _a.b10206218
_b09-10-12
_c26-06-06
003
005 20230123134223.0
040 _cNUST
942 _cBOOKS
_kPS3545.H16
_mWHA
999 _c162116
_d162116